Представление документа в формате RUSMARC

ПолеНазваниеЗначение
  Тип записи a
  Библиографический уровень a
001 Контрольный номер RU/УОНБ/EK_Kray/594306476
005 Дата корректировки 20250213143924.9
100 Данные общей обработки __
a Данные общей обработки 20250213d2017 ||| 0rusy0189 ca
101 Язык документа 0_
a Язык текста rus
102 Страна публикации __
a Страна публикации RU
105 Кодированные данные (монография) __
a Кодированные данные (монография) y###||||000|y
200 Заглавие и сведения об ответственности 1_
a Заглавие Художник Владимир Миронов "Как мужчина, я женщин люблю!"
e Сведения, относящиеся к заглавию творчество ульяновского художника-самоучки Владимира Федоровича Миронова.
f Первые сведения об ответственности М. Смирнова
215 Физическое описание __
c Иллюстрации/тип воспроизводства 1 портр.
461 Уровень набора _0
1 2001
a Симбирскъ
463 Уровень физической единицы _0
1 2000
a № 10(52)
v С. 73-76
1 2101
d 2017
1 001RU/REG73/CBS_GRAD/4126e6d1d2824263b1731e35df0c1ffd
600 Персоналии _1
a Персоналии (Фамилия) Миронов, Владимир Федорович
610 Ключевые слова 0_
a Ключевые слова художники Ульяновска
610 Ключевые слова 0_
a Ключевые слова самодеятельные художники
686 Индексы других классификаций __
a Классификационный индекс 85
2 Код системы rubbk
700 Автор _1
a Фамилия Смирнова
b Имя (инициалы) М.
g Полное личное имя Маргарита
4 Код отношения 070
801 Источник записи _0
a Страна RU
b Организация RuCBSGrad
c Дата составления 20250213
g Правила каталогизации RCR
801 Источник записи _1
a Страна RU
b Организация RuCBSGrad
c Дата составления 20250213
g Правила каталогизации RCR
852 Данные о местонахождении __
a Наименование организации МБУК "ЦБС г. Димитровграда"
901 Тип документа __
t Тип документа c
w Контрольный № источника RU/REG73/CBS_GRAD/4126e6d1d2824263b1731e35df0c1ffd